| 000 | 00368nam a22001337a 4500 | ||
|---|---|---|---|
| 005 | 20141126131300.0 | ||
| 008 | 141126b xxu||||| |||| 00| 0 eng d | ||
| 050 |
_aBS2825.3 _bM277 2010 |
||
| 100 |
_aMangina, Joseph L. _912874 |
||
| 245 |
_aRevelation _cMangina, Joseph L. |
||
| 260 |
_aLondon _bSCM Press _c2010 |
||
| 300 |
_a271p.; _c24cm. |
||
| 942 |
_2lcc _cMONOGRAPH |
||
| 999 |
_c121322 _d121322 |
||